Score 0/10 Timer 01:00
0 Plays Today
Hint Answer % Correct
Name a TV Show that he starred/stars inHow I Met Your Mother
82.6%
What is his partners name?David Burtka
67.2%
Fill in the Blank (3 words) 'It will be legend- ______-dary!!'Wait for it
63.4%
Name one of his co-stars on How I Met Your Mother?Josh Radnor
57.5%
Name one of the 3 most recent films he has appeared in (as of August 2011)The Smurfs
54%
Name a TV Show that he guest-starred inGlee,
39%
Where was he born?Albuquerque, New Mexico
36.2%
When was he born?June 15, 1973
28.2%
What is the name of his older brother?Brian Harris
24%
Name one song from the play 'Company' that he starred in? The Little Things You Do Together
15.3%
Remove Ads.
Support Sporcle.
Get the best of Sporcle when you Go Orange. This ad-free experience offers more features, more stats, and more fun while also helping to support Sporcle. Thank you for becoming a member.

You're not logged in!

Compare scores with friends on all Sporcle quizzes.
OR
Log In

You Might Also Like...

Show Comments

Extras

Created Sep 11, 2011ReportNominate
Tags:Neil Patrick Harris

Top Quizzes Today


Score Distribution

Your Account Isn't Verified!

In order to create a playlist on Sporcle, you need to verify the email address you used during registration. Go to your Sporcle Settings to finish the process.

Report this User

Report this user for behavior that violates our Community Guidelines.

Details: